Music Quiz

Random Music or Lyrics Quiz
Score 0/222 Timer 10:00
0 Plays Today
Answer % Correct
the
99.4%
I
99.4%
A
99.4%
a
99.4%
the
99.4%
a
99.4%
I
99.4%
a
99.4%
I
99.4%
a
99.4%
I
99.4%
a
99.4%
I
99.4%
a
99.4%
I
99.4%
The
99.4%
a
99.4%
And
99.4%
a
99.4%
a
99.4%
a
99.4%
I
99.4%
a
99.4%
I
99.4%
a
99.4%
I
99.4%
a
99.4%
I
99.4%
a
99.4%
And
99.4%
the
99.4%
I
99.4%
I
99.4%
a
99.4%
I
99.4%
a
99.4%
I
99.4%
a
99.4%
I
99.4%
a
99.4%
And
99.4%
I
99.4%
a
99.4%
I
99.4%
a
99.4%
I
99.4%
a
99.4%
I
99.4%
a
99.4%
predict
96.4%
predict
96.4%
predict
96.4%
predict
96.4%
predict
96.4%
predict
96.4%
predict
96.4%
predict
96.4%
predict
96.4%
predict
96.4%
predict
96.4%
predict
96.4%
predict
96.4%
predict
96.4%
predict
96.4%
predict
96.4%
riot
95.9%
riot
95.9%
riot
95.9%
riot
95.9%
riot
95.9%
riot
95.9%
riot
95.9%
riot
95.9%
riot
95.9%
Answer % Correct
riot
95.9%
riot
95.9%
riot
95.9%
riot
95.9%
riot
95.9%
riot
95.9%
riot
95.9%
he
94.1%
He
94.1%
He
94.1%
he
94.1%
be
93.5%
be
93.5%
be
93.5%
to
92.9%
to
92.9%
to
92.9%
to
92.9%
To
92.9%
to
92.9%
to
92.9%
no
92.3%
it
91.7%
it
91.7%
not
90.5%
not
90.5%
not
90.5%
not
90.5%
not
90.5%
get
89.9%
get
89.9%
get
89.9%
get
89.9%
very
88.8%
very
88.8%
at
88.8%
very
88.8%
very
88.8%
very
88.8%
An
88.2%
It's
87%
It's
87%
It's
87%
It's
87%
La la la la la
86.4%
La la la la la
86.4%
in
85.8%
in
85.8%
in
85.8%
tell
83.4%
scary
83.4%
tell
83.4%
scary
83.4%
Watching
82.2%
people
82.2%
is
82.2%
Watching
82.2%
people
82.2%
is
82.2%
pretty
81.7%
sensible
81.7%
of
81.7%
sensible
81.7%
want
81.7%
pretty
81.7%
sensible
81.7%
want
81.7%
town
80.5%
got
80.5%
policeman
80.5%
there
80.5%
town
80.5%
there
80.5%
Smeaton
79.9%
Answer % Correct
Walking
79.3%
Walking
79.3%
quite
78.7%
quite
78.7%
through
78.1%
through
78.1%
beaten
77.5%
me
77.5%
that
77.5%
me
77.5%
If
77.5%
if
77.5%
That
77.5%
if
77.5%
That
77.5%
thee
76.9%
out
76.9%
thee
76.9%
out
76.9%
either
76.3%
looked
76.3%
on
76.3%
here
76.3%
here
76.3%
friend
75.7%
friend
75.7%
way
75.7%
left
74.6%
left
74.6%
taxi
74%
for
74%
for
74%
man
73.4%
doesn't
73.4%
doesn't
73.4%
wrong
72.8%
anybody
72.2%
anybody
72.2%
there's
71.6%
there's
71.6%
my
71%
lairy
69.2%
lairy
69.2%
clothes
68.6%
condom
66.3%
never
65.7%
tracksuit
65.1%
attacks
65.1%
with
64.5%
have
63.9%
happened
62.1%
said
60.9%
Would
60.4%
pound
56.2%
before
55%
bit
53.3%
saw
52.1%
gory
52.1%
things
50.9%
wasn't
50.9%
borrow
49.7%
Girls
49.1%
tried
47.3%
wants
47.3%
frozen
45.6%
chip
45%
round
43.8%
They're
43.2%
they'd
39.6%
fat
37.9%
Old
34.9%
Leodensian
25.4%
scrabble
25.4%
La la la la la
4.1%
Remove Ads.
Support Sporcle.
Get the best of Sporcle when you Go Orange. This ad-free experience offers more features, more stats, and more fun while also helping to support Sporcle. Thank you for becoming a member.

You're not logged in!

Compare scores with friends on all Sporcle quizzes.
OR
Log In

Show Comments

Extras

Top Quizzes Today


Score Distribution

Your Account Isn't Verified!

In order to create a playlist on Sporcle, you need to verify the email address you used during registration. Go to your Sporcle Settings to finish the process.

Report this User

Report this user for behavior that violates our Community Guidelines.

Details: